|
|
|
|
| LEADER |
00743cam a2200205 7i4500 |
| 001 |
0000080672 |
| 005 |
20131120090000.0 |
| 008 |
101110s1998 -uk eng |
| 020 |
# |
0 |
|a 1859781780
|
| 090 |
0 |
0 |
|a KJE 2260
|b .P6 1998
|
| 100 |
1 |
# |
|a Power, Vincent (Vincent J. G.)
|
| 245 |
1 |
0 |
|a EC shipping law
|c by Vincent J. G. Power.
|
| 250 |
# |
# |
|a 2nd ed..
|
| 260 |
# |
# |
|a London, Great Britain:
|b LLP Reference Publishing,
|c 1998.
|
| 300 |
# |
# |
|a lxxxvi, 1024 p.;
|c 25 cm..
|
| 490 |
0 |
0 |
|a Lloyd's shipping law library
|
| 504 |
0 |
0 |
|a Includes bibliographical references and index
|
| 590 |
# |
# |
|a Rujukan Kursus Jabatan Pengurusan Maritim
|
| 650 |
0 |
0 |
|a Maritime law --
|z European Economic Community countries
|
| 999 |
|
|
|a 1100078335
|b Book
|c Rujukan
|e KOLEKSI RUJUKAN
|